| 000 | 00649nam a2200241 a 4500 | ||
|---|---|---|---|
| 001 | BRCA_3646 | ||
| 005 | 20190320204351.0 | ||
| 008 | 270809s1961----au-a---###---#000-0#ger-# | ||
| 041 | _ager | ||
| 044 | _aau | ||
| 050 | 4 |
_aNA1003 _b.G68 1961 |
|
| 245 | 1 | 0 |
_aGotik in Osterreich _cBaldass... [et al.]. |
| 260 |
_aWien _bForum _c1961 |
||
| 300 |
_a125 p. _bil., 120 láminas (algunas a color) _c29 cm. |
||
| 500 | _aB316 | ||
| 650 | 1 | 4 |
_aArquitectura gótica _92038 |
| 650 | 1 | 4 |
_aArte gótico _95920 |
| 650 | 1 | 4 |
_aArquitectura _zAustria _99451 |
| 650 | 1 | 4 |
_aArte _zAustria _99452 |
| 700 | 1 |
_aBaldass, Peter _99453 |
|
| 902 | _aGFM | ||
| 942 |
_2lcc _cB |
||
| 999 |
_c3381 _d3381 |
||